Аялгуут сайхан ятга хөгжмөөр ардын дуугаа тоглож сурцгаая (Бичлэгийн дугаар. 1145183)

MARC дэлгэрэнгүй
000 -Удирдлага
Ном зүйн бүртгэл тоо буюу кодлох утгыг агуулсан 03171nam a22002297a 4500
003 - ХЯНАЛТЫН ТОО ТОДОРХОЙЛОГЧ
Код MN-UlNLM
005 - ХАМГИЙН СҮҮЛИЙН ҮЕИЙН ХЭЛЦЛИЙН ОГНОО БА ЦАГ
Тухайн бичилтийг бичсэн засварласан сүүлийн огноо. 20241015102915.0
008 - ЕРӨНХИЙ МЭДЭЭЛЭЛ-ЭЛЕМЕНТҮҮДИЙН ӨГӨГДЛИЙН УРТ
fixed length control field 240918s2024 mp ||||| |||| 00| 0 mon d
020 ## - ОЛОН УЛСЫН СТАНДАРТ НОМЫН ДУГААР-ISBN
Олон Улсын Стандарт Номын Дугаар 9789919023003
040 ## - ЭХ СУРВАЛЖИЙГ ТОДОРХОЙЛОН БИЧИХ
Каталогийн хэл Монгол
084 ## - БУСАД АНГИЛЛЫН ДУГААР
Ангиллын нэр Номын сан номзүйн ангилал
Анги 85.319
Зохиогчийн 3-н тэмдэгт М 141
Шинжлэх ухааны мэдлэгийн салбар Урлаг - 85
100 1# - ЗОХИОГЧИЙН ХЭСЭГ
Зохиогчийн нэр Майнбаяр Б.,
Зохиогчийн огноо Лина Ө.
245 0# - ҮНДСЭН ГАРЧИГ
Гарчиг Аялгуут сайхан ятга хөгжмөөр ардын дуугаа тоглож сурцгаая
260 1# - ГАРАЛТЫН ТУХАЙ МЭДЭЭ
Хэвлэгдсэн газар УБ
Хэвлэлийн газар Хөх ай Баттүвшин
Хэвлэгдсэн он 2024
300 ## - ТООНЫ МЭДЭЭ
Хуудасны тоо 108х
Дагалдах материал Зур
505 ## - FORMATTED CONTENTS NOTE
Title Ятгын бүтэц --
-- Суудал, байрлал --
-- Баруун зүүн гарын барил --
-- Нотны задаргаа --
-- Нотны анхан шатны мэдэгдэхүүн --
-- Ятга хөгжмийн үндсэн хөг --
-- Хэмнэлийн дасгал --
-- Маамуу нааш ир --
-- Чичиргээ (зүүн гарын) --
-- Зун цаг --
-- Алгирмаа --
-- Жалам хар --
-- Найгал гол --
-- Жийжүү хот --
-- До мажорын гамм --
-- Alphabet song --
-- Ятга хөгжмийн Фа мажор болон соль мажорын хөг, хөглөгөө --
-- Зуны нар (1,2-р хоолой) --
-- Арван хоёр жил (1,2-р хоолой) --
-- Хайлуур мөрөн (1,2-р хоолой) --
-- Судгийн ногоо (1,2-р хоолой) --
-- Юндэн гөөгөө (1,2-р хоолой) --
-- Ранжидмаа (1,2-р хоолой) --
-- Гарын арван хуруу (1,2-р хоолой) --
-- Гандан уулын цэцэг (1,2-р хоолой) --
-- Хар морь (1,2-р хоолой) --
-- Дангийн даавуу майхан (1,2-р хоолой) --
-- Гунан хар (1,2-р хоолой) --
-- Тохой зандан мод (1,2-р хоолой) --
-- Гаадаа мэйрэн (1,2-р хоолой) --
-- Нутгаа санасан (1,2-р хоолой) --
-- Бүүвэйн дуу (1,2-р хоолой) --
-- Хун галуу (1,2-р хоолой) --
-- Тэмээ (1,2-р хоолой) --
-- Ботгоны дуу (1,2-р хоолой) --
-- Торгууд нутаг (1,2-р хоолой) --
-- Монгол гэрийн магтаал (1,2-р хоолой) --
-- Монгол гэрийн сургууль (1,2-р хоолой) --
-- Охидын сургууль (1,2-р хоолой) --
-- Сургуульд орох дуу (1,2-р хоолой) --
-- Сургуульд явъя (1,2-р хоолой) --
-- Өлгийн дуу (1,2-р хоолой) --
-- Бүжинхэй (1,2-р хоолой) --
-- Арван хоёр жилийн магтаал (1,2-р хоолой) --
-- Ээжийнхээ ачийг яаж мартах билээ (1,2-р хоолой) --
-- Тоонот нутаг (1,2-р хоолой) --
-- Миний нутаг (1,2-р хоолой) --
-- Сайхан (1,2-р хоолой) --
-- Цас цас ороорой (1,2-р хоолой) --
-- Сайн шинэлэв үү (1,2-р хоолой) --
-- Жороо саарал (1,2-р хоолой) --
-- Андай (1,2-р хоолой) --
546 ## - ХЭЛНИЙ ТУХАЙ МЭДЭЭ
Хэл mon
650 ## - Сэдэв
Сэдэв Урлаг
650 ## - Сэдэв
Сэдэв Хөгжмийн зохиол
650 ## - Сэдэв
Сэдэв Ятга хөгжим сурах
942 ## - ЭЛЕМЕНТИЙН ТӨРӨЛ
Төрөл Ном
Захиалгууд
Буцаан татагдсан төлөв Хасагдсан шалтгаан Гэмтсэн төлөв Данс заагч Захиалах боломжгүй Үндсэн номын сан Одоогийн байршил Салбар танхим Салбар танхим Бүртгэсэн огноо Бүрдүүлэлтийн эх үүсвэр Тавиурын заалт Баркод Үнэ Хамгийн сүүлд байсан огноо Нийт уншлаганд гарсан тоо Дансны дугаар Ангиллын нэр Фактур мөрийн дугаар Төрөл
          МУҮНомын сан салбар МУҮНомын сан салбар МУҮНС салбар | Эрдэм танхим 7 давхар МУҮНС салбар | Эрдэм танхим 7 давхар 2024-11-04 Худалдан авсан 85.319 М 141 006000098834 31500.00 2024-11-04   98834     Ном
          МУҮНомын сан салбар МУҮНомын сан салбар МУҮНС салбар | Эрдэм танхим 7 давхар МУҮНС салбар | Эрдэм танхим 7 давхар 2024-11-04 Худалдан авсан 85.319 М 141 006000098835 31500.00 2024-11-04   98835     Ном
        Албан хэрэгцээнд МУҮндэсний Номын сан МУҮндэсний Номын сан МУҮНС төв | Архив фонд төв байр МУҮНС төв | Архив фонд төв байр 2024-09-18 Худалдан авсан 85.319 М 141 003110043624 31500.00 2024-09-18   43624 Номын сан номзүйн ангилал 240517.00 Ном
          МУҮндэсний Номын сан МУҮндэсний Номын сан МУҮНС төв | Ойр фонд МУҮНС төв | Ойр фонд 2024-11-04 Худалдан авсан 85.319 М 141 006000098833 31500.00 2024-11-04   98833     Ном